00333 a2200109 4500001001000000005001700010008004100027245005500068100001700123773006600140999001700206ART_1908220260410161921.0260409a 10aConstitucionalidad del principio "solve et repete"1 aJarach, Dino0 tLa informacióng- Tomo XXXIX, Nº 590 (feb. 1979)wREV14902 c27674d27674